| 000 | 00798nam a22002297a 4500 | ||
|---|---|---|---|
| 005 | 20100313093850.0 | ||
| 008 | 100313t xxu||||| |||| 00| 0 eng d | ||
| 010 | _aENG-95879 | ||
| 020 |
_a9788183161527 _c175.00 |
||
| 035 | _aEN-79412 | ||
| 037 | _bDBAD/PUB | ||
| 040 | _aDPL | ||
| 100 | _aKrishnamacharyulu, T. | ||
| 245 |
_aSchool management and systems of education/ _cby V. Krishnamacharyulu |
||
| 260 |
_aNew Delhi _bNeelkamal Publications Pvt. Ltd. _c2009 |
||
| 270 |
_aBG5/9B, Paschim Vihar _bNew Delhi _e110063 |
||
| 300 |
_axix, 419p : _c23 cm. (Pb) |
||
| 700 | _aHariprasad, M. | ||
| 700 | _aPrakasam, V. | ||
| 942 |
_2ddc _cEN _mKRI |
||
| 999 |
_c34630 _d34630 |
||